[Event "Sparkassen Open A"]
[Site "Dortmund GER"]
[Date "2010.07.21"]
[Round "5"]
[White "Wittenberg,A"]
[Black "Kuznetsov,Mar"]
[Result "1/2-1/2"]
[WhiteElo "2143"]
[BlackElo "2085"]

1.d4 Nf6 2.Nf3 d5 3.c4 e6 4.g3 Be7 5.Bg2 O-O 6.O-O b6 7.cxd5 exd5 8.Qc2 Bb7
9.Rd1 Qc8 10.Nc3 c5 11.dxc5 Bxc5 12.Bf4 Nc6 13.Rac1 d4 14.Na4 Nb4 15.Qd2 Nxa2
16.Nxc5 bxc5 17.Rc4 Bd5 18.Ne5 Bxc4 19.Nxc4 Qe6 20.Bxa8 Rxa8 21.b3 Nc3 22.Re1 Re8
23.e3 Nfd5 24.Be5 Ne4 25.Qd3 Qf5 26.f3 Qxf3 27.Rf1 Nb4 28.Qb1 Nd2 29.Rxf3 Nxb1
30.exd4 Nc6 31.Nd6 Nxe5 32.dxe5 Rxe5  1/2-1/2

[Event "Sparkassen GM"]
[Site "Dortmund GER"]
[Date "2010.07.21"]
[Round "6"]
[White "Le Quang Liem"]
[Black "Kramnik,V"]
[Result "1/2-1/2"]
[WhiteElo "2681"]
[BlackElo "2790"]

1.d4 d5 2.Nf3 Nf6 3.c4 e6 4.g3 Be7 5.Bg2 O-O 6.O-O dxc4 7.Qc2 a6 8.Qxc4 b5
9.Qc2 Bb7 10.Bd2 Be4 11.Qc1 Bb7 12.Bf4 Nd5 13.Nc3 Nxf4 14.Qxf4 Qd6 15.Ne5 Bxg2
16.Kxg2 Nd7 17.Rac1 Nxe5 18.dxe5 Qb6 19.Ne4 Rad8 20.Rfd1 c5 21.Nd6 c4 22.b3 cxb3
23.axb3 a5 24.Rd3 a4 25.bxa4 bxa4 26.Qxa4 Bxd6 27.Rb3 Qxb3 28.Qxb3 Bxe5 29.h4 g6
30.h5 Bg7 31.Rc5 Rd7 32.Rb5 Rfd8 33.Qf3 Rd5 34.Rxd5 Rxd5 35.hxg6 hxg6 36.Qe4 Bf6
37.Qf3 Bg7 38.Qe4 Bf6 39.Qf3  1/2-1/2

[Event "Sparkassen Open A"]
[Site "Dortmund GER"]
[Date "2010.07.22"]
[Round "6"]
[White "Kahleys,K"]
[Black "Pilat,F"]
[Result "1-0"]
[WhiteElo "2071"]
[BlackElo "1944"]

1.d4 d5 2.c4 e6 3.g3 Nf6 4.Nf3 Be7 5.Bg2 O-O 6.O-O dxc4 7.Qc2 a6 8.a4 Bd7
9.Qxc4 Bc6 10.Bf4 Nbd7 11.Nc3 Nb6 12.Qd3 Nbd5 13.Ne5 Nxf4 14.gxf4 Bxg2 15.Kxg2 Qd6
16.e3 Rad8 17.Rfd1 c5 18.Qe2 Qc7 19.Rac1 cxd4 20.Nd5 Qd6 21.Nxf6+ Bxf6 22.Rxd4 Qe7
23.Re4 Rd5 24.Nf3 Rfd8 25.Rec4 R5d7 26.b4 e5 27.fxe5 Bxe5 28.Nxe5 Qxe5 29.Qf3 Qe7
30.Re4 Qd6 31.Rcc4 Qb6 32.a5 Qd6 33.Qh3 Qd5 34.Qf3 Qd6 35.Rcd4 Qg6+ 36.Rg4 Qe6
37.Rdf4 Qd6 38.Rf6 Qe7 39.Rb6 Re8 40.h4 Rc8 41.h5 Rcc7 42.Qf5 Qd8 43.Rh6 g6
44.hxg6 fxg6 45.Qe6+ Rf7 46.Qe5 Rg7 47.Rd4 Qf8 48.Qe6+ Rgf7 49.Rh3 Rc6 50.Qa2 Rf6
51.f4 Qc8 52.Qd2 Kg7 53.Rg3 Rc7 54.Kf3 Rff7 55.Rd6 Rc4 56.Qd5 Rc3 57.Qe5+ Kh6
58.Rg4 Rf5 59.Rh4+  1-0

[Event "3rd Open"]
[Site "Paleochora GRE"]
[Date "2010.07.22"]
[Round "2"]
[White "Georgiadis,I"]
[Black "Sandalakis,N"]
[Result "1-0"]
[WhiteElo "2457"]
[BlackElo "1931"]

1.Nf3 Nf6 2.c4 e6 3.g3 d5 4.d4 Be7 5.Bg2 O-O 6.O-O c6 7.Nc3 b6 8.Ne5 Bb7
9.e4 Nbd7 10.exd5 cxd5 11.Qa4 Nxe5 12.dxe5 Ne4 13.Nxe4 dxe4 14.Rd1 Qc8 15.Bf4 Bc6
16.Qc2 Qb7 17.Be3 Rfd8 18.Rxd8+ Rxd8 19.Rd1 Rc8 20.h4 h6 21.Rd2 Bd5 22.b3 b5
23.Bf1 bxc4 24.bxc4 Bc5 25.Qb3 Bxe3 26.fxe3 Bc6 27.Rd6 Qc7 28.Qd1 Qa5 29.Qa1 Qa3
30.Kf2 Ba4 31.Be2 Bc2 32.Rd2 Bd3 33.Qd4 Bxe2 34.Kxe2 Qc5 35.Qxe4 Qxc4+ 36.Qxc4 Rxc4
37.Rd8+ Kh7 38.Rd7 Rc2+ 39.Kf3 Rxa2 40.Rxf7 Kg6 41.Re7 Ra6 42.g4 h5 43.g5 Kh7
44.Kf4 Ra4+ 45.e4 Ra6 46.Rd7 Ra3 47.Rd6 Rh3 48.Rxe6 Rxh4+ 49.Ke3 Rh3+ 50.Kd4 Rb3
51.Ra6 h4 52.Rxa7 h3 53.Ra2 Kg6 54.e6 Kxg5 55.e7 Rb8 56.Ke5 Kg4 57.Rd2 Re8
58.Ke6 Kg3 59.Rd3+ Kg2 60.Kf7 Rxe7+ 61.Kxe7 h2 62.Rd2+ Kg3 63.Rxh2 Kxh2 64.Ke6 Kg3
65.Kf5  1-0

[Event "Najdorf Mem Open A"]
[Site "Warsaw POL"]
[Date "2010.07.22"]
[Round "6"]
[White "Adamski,J"]
[Black "Malec,S"]
[Result "1/2-1/2"]
[WhiteElo "2287"]
[BlackElo "2108"]

1.Nf3 Nf6 2.c4 e6 3.g3 d5 4.Bg2 Be7 5.d4 dxc4 6.Qa4+ Bd7 7.Qxc4 Bc6 8.Nc3 a6
9.a3 b5 10.Qd3 O-O 11.Bg5 Nbd7 12.O-O Ra7 13.Bxf6 Nxf6 14.Ne5 Bxg2 15.Kxg2 Qd6
16.Qf3  1/2-1/2

[Event "Corporation Centre Cup"]
[Site "Izhevsk RUS"]
[Date "2010.07.23"]
[Round "9"]
[White "Yaksin,O"]
[Black "Tunik,G"]
[Result "1/2-1/2"]
[WhiteElo "2406"]
[BlackElo "2469"]

1.d4 Nf6 2.c4 e6 3.g3 d5 4.Nf3 Be7 5.Bg2 O-O 6.O-O dxc4 7.Qc2 a6 8.Qxc4 b5
9.Qc2 Bb7 10.Bg5 Nbd7 11.Nbd2 h6 12.Bxf6 Nxf6 13.Nb3 Be4 14.Qc1 Rc8 15.Rd1 Bd5
16.Qe3 Nd7 17.Rac1 c6 18.Ne1 a5 19.Bxd5 cxd5 20.Rxc8 Qxc8 21.Nxa5 Qa6 22.Nb3 Qxa2
23.Qc3 Qa4 24.Ra1 Qc4 25.Ra7 Bb4 26.Qxc4 bxc4 27.Nc2 Bc3 28.bxc3 cxb3 29.Na3  1/2-1/2

[Event "XIX ch-Macedonia Open"]
[Site "Struga MKD"]
[Date "2010.07.23"]
[Round "8"]
[White "Koteski,D"]
[Black "Vladimirov,V MKD"]
[Result "1-0"]
[WhiteElo "2261"]
[BlackElo "2192"]

1.Nf3 Nf6 2.g3 d5 3.Bg2 e6 4.d4 Be7 5.c4 O-O 6.b3 c5 7.cxd5 Nxd5 8.O-O cxd4
9.Nxd4 Bf6 10.Bb2 Qb6 11.Na3 Nc6 12.Nc4 Qc5 13.Nxc6 Bxb2 14.Nxb2 Qxc6 15.e4 Nf6
16.Rc1 Qa6 17.a4 e5 18.Nc4 Re8 19.Qd6 Qxd6 20.Nxd6 Rd8 21.Nc4 Be6 22.Na5 Rd7
23.Rfe1 Ne8 24.Bf1 Nd6 25.Rc3 f6 26.f3 Kf7 27.Rec1 Rad8 28.b4 g5 29.g4 h5
30.h3 hxg4 31.hxg4 Ke7 32.R1c2 Bf7 33.b5 Ne8 34.Rh2 Rb8 35.Rh7 Kd8 36.Rh8 Rc8
37.Rxc8+ Kxc8 38.Bc4 Kd8 39.Bxf7 Rxf7 40.Nc4 Rd7 41.a5 Rd3 42.Kf2 Rd4 43.Ne3 Kd7
44.Nd5 Ra4 45.Rh7+ Kd8 46.Rxb7 Rxa5 47.b6 axb6 48.Rxb6 Ra2+ 49.Kg3 Rd2 50.Nxf6 Nd6
51.Nd5 Nc4 52.Rg6 Kd7 53.Rxg5 Kd6 54.Rg8 Re2 55.g5 Nd2 56.g6 Nf1+ 57.Kh4 Nh2
58.Rf8 Rg2 59.Kh3 Rxg6 60.Kxh2 Ke6 61.f4 Rh6+ 62.Kg3 exf4+ 63.Kxf4 Rh4+ 64.Ke3 Rh1
65.Rf6+ Ke5 66.Rf5+ Kd6 67.Nf4 Re1+ 68.Kd4 Rd1+ 69.Nd3 Ke6 70.Ra5 Rd2 71.Ra6+ Kd7
72.Kc4  1-0

[Event "Najdorf Mem Open A"]
[Site "Warsaw POL"]
[Date "2010.07.23"]
[Round "7"]
[White "Solnicki,M"]
[Black "Kaczmarek,M"]
[Result "1/2-1/2"]
[WhiteElo "2084"]
[BlackElo "2044"]

1.Nf3 Nf6 2.c4 e6 3.d4 d5 4.g3 Be7 5.Bg2 O-O 6.O-O dxc4 7.Nbd2 c5 8.Nxc4 Nc6
9.dxc5 Bxc5 10.Qxd8 Rxd8 11.Bg5 h6 12.Bxf6 gxf6 13.Rfd1 Kf8 14.Rxd8+ Nxd8
15.Rd1 Ke7 16.Nd4 Bd7 17.Nb3 Rc8 18.Nxc5 Rxc5 19.Ne3 Bc6 20.Rd4 Rc1+ 21.Rd1 Rc5
22.Rd4 Rc1+ 23.Rd1 Rc5  1/2-1/2

[Event "MTO"]
[Site "Biel SUI"]
[Date "2010.07.24"]
[Round "6"]
[White "Paikidze,N"]
[Black "Satta,V"]
[Result "1/2-1/2"]
[WhiteElo "2346"]
[BlackElo "2255"]

1.d4 Nf6 2.c4 e6 3.g3 d5 4.Nf3 Be7 5.Bg2 O-O 6.O-O dxc4 7.Qc2 a6 8.Qxc4 b5
9.Qc2 Bb7 10.Bd2 Be4 11.Qc1 Nbd7 12.Ba5 Rc8 13.Nbd2 Ba8 14.Nb3 Nb6 15.Ne5 Bxg2
16.Kxg2 Nc4 17.Nxc4 Qd5+ 18.e4 Qxe4+ 19.Kg1 bxc4 20.Qxc4 Qb7 21.Rac1 Nd5
22.Qc6 Qb5 23.Rc4 Bd6 24.Rfc1 Rfd8 25.Qxb5 axb5 26.Rc6 Ra8 27.a3 Kf8 28.Bd2 Ra4
29.R6c2 Rda8 30.Kf1 Ke8 31.Ke2 b4  1/2-1/2

[Event "21st Czech GM Open"]
[Site "Pardubice CZE"]
[Date "2010.07.24"]
[Round "2"]
[White "Sabol,M"]
[Black "Kravtsiv,M"]
[Result "0-1"]
[WhiteElo "2371"]
[BlackElo "2559"]

1.d4 d5 2.c4 e6 3.Nf3 Nf6 4.g3 Be7 5.Bg2 O-O 6.O-O dxc4 7.Ne5 Nc6 8.Nxc6 bxc6
9.Nc3 Rb8 10.e4 c5 11.Be3 cxd4 12.Bxd4 c5 13.Be5 Rxb2 14.Nd5 exd5 15.Bxb2 d4
16.Bc1 c3 17.Qc2 Nd7 18.Rd1 Qa5 19.f4 Nb6 20.Bf1 Rd8 21.a4 c4 22.Ba3 Bxa3
23.Rxa3 Qc5 24.Ra2 d3+ 25.Qf2 Nxa4 26.Rxa4 Qxf2+ 27.Kxf2 c2 28.Raa1 cxd1=Q
29.Rxd1 Bg4 30.Rd2 c3  0-1

[Event "TCh-CHN"]
[Site "Shanghai CHN"]
[Date "2010.07.24"]
[Round "7"]
[White "Zhou Weiqi"]
[Black "Liu Qingnan"]
[Result "1/2-1/2"]
[WhiteElo "2584"]
[BlackElo "2445"]

1.d4 Nf6 2.c4 e6 3.Nf3 d5 4.g3 Be7 5.Bg2 O-O 6.O-O dxc4 7.Qc2 a6 8.a4 Bd7
9.Rd1 Bc6 10.Nc3 Bxf3 11.Bxf3 Nc6 12.Bxc6 bxc6 13.Bg5 Qb8 14.Bxf6 gxf6 15.Ne4 Qb4
16.e3 Rfd8 17.Rac1 f5 18.Nd2 c5 19.dxc5 Qxc5 20.Nxc4 Bf6 21.b3 Rxd1+ 22.Rxd1 Rb8
23.Rd3 Qc6 24.Qd1 Kg7 25.Rd7 Kg6 26.h3 h5 27.h4 Qb7 28.Rd3 Qe4 29.Qe2 Rd8
30.Rxd8 Bxd8 31.Qd1 Bf6 32.Kf1 Bc3 33.f3 Qd5 34.Ke2 Qxd1+ 35.Kxd1 f6 36.Ke2 e5
37.e4 fxe4 38.fxe4 f5 39.Kf3 Bd4 40.Nd2  1/2-1/2

[Event "Sparkassen Open A"]
[Site "Dortmund GER"]
[Date "2010.07.25"]
[Round "9"]
[White "Kubo,T"]
[Black "Steinmetzer,T"]
[Result "1/2-1/2"]
[WhiteElo "1992"]
[BlackElo "2114"]

1.d4 d5 2.Nf3 Nf6 3.c4 e6 4.g3 Be7 5.Bg2 O-O 6.O-O dxc4 7.Qc2 a6 8.Qxc4 b5
9.Qc2 Bb7 10.Bg5 Nbd7 11.Bxf6 Nxf6 12.Nbd2 Ra7 13.Nb3 Qa8 14.Rfc1 Rc8 15.Nc5 Bd5
16.Ne1 Bxg2 17.Nxg2 Qd5 18.e3 c6 19.Nf4 Qg5 20.Nfd3 h5 21.Ne5 h4 22.Nf3 Qh5
23.Ne5 Bd6 24.Qd1 hxg3 25.hxg3 Qh3 26.Ncd3 Rac7 27.Qf3 c5 28.dxc5 Bxe5 29.Nxe5 Rxc5
30.Rxc5 Rxc5 31.Qa8+ Kh7 32.Nxf7 Kg6 33.Nh8+ Kh7 34.Nf7 Kg6 35.Nh8+ Kh7  1/2-1/2

[Event "COQ Inv"]
[Site "Montreal CAN"]
[Date "2010.07.25"]
[Round "2"]
[White "Cornette,M"]
[Black "Gerzhoy,L"]
[Result "1/2-1/2"]
[WhiteElo "2543"]
[BlackElo "2471"]

1.d4 Nf6 2.c4 e6 3.g3 d5 4.Nf3 Be7 5.Bg2 O-O 6.O-O dxc4 7.Qc2 a6 8.a4 Bd7
9.Qxc4 Bc6 10.Bg5 h6 11.Bxf6 Bxf6 12.Nc3 a5 13.e4 Na6 14.Rfd1 Nb4 15.h4 b6
16.Ne1 Be7 17.d5 exd5 18.exd5 Bd7 19.d6 Bxd6 20.Bxa8 Qxa8 21.Nb5 Be6 22.Qc3 Bc5
23.Nxc7 Qb8 24.Nxe6 fxe6 25.Rd2 Rf6  1/2-1/2

[Event "21st Czech GM Open"]
[Site "Pardubice CZE"]
[Date "2010.07.25"]
[Round "3"]
[White "Kravtsiv,M"]
[Black "Golichenko,I"]
[Result "1/2-1/2"]
[WhiteElo "2559"]
[BlackElo "2419"]

1.d4 Nf6 2.c4 e6 3.g3 d5 4.Bg2 Be7 5.Nf3 O-O 6.O-O c6 7.Qc2 b6 8.Nbd2 Nbd7
9.e4 dxe4 10.Nxe4 Bb7 11.Nxf6+ Nxf6 12.Rd1 Qc8 13.b3 c5 14.Bb2 Be4 15.Qe2 Qb7
16.Ne1 Rad8 17.dxc5 Bxg2 18.Nxg2 bxc5 19.Nf4 a5 20.Rxd8 Rxd8 21.Rd1  1/2-1/2

[Event "TCh-CHN"]
[Site "Shanghai CHN"]
[Date "2010.07.25"]
[Round "8"]
[White "Zhao Jun"]
[Black "Xiu Deshun"]
[Result "0-1"]
[WhiteElo "2575"]
[BlackElo "2493"]

1.d4 Nf6 2.c4 e6 3.g3 d5 4.Bg2 Be7 5.Nf3 O-O 6.O-O dxc4 7.Qc2 a6 8.a4 Bd7
9.Qxc4 Bc6 10.Bg5 Bd5 11.Qd3 c5 12.Nc3 Bc6 13.Bxf6 Bxf6 14.dxc5 Nd7 15.Ne4 Bxb2
16.Rab1 Bf6 17.Nxf6+ Qxf6 18.Rfc1 Rac8 19.Qe3 Qe7 20.Nd4 Bxg2 21.Kxg2 Rxc5
22.Rxb7 Rxc1 23.Qxc1 Qc5 24.Qxc5 Nxc5 25.Rb4 a5 26.Rc4 Nd7 27.Rc6 Ra8 28.f4 g6
29.Nb5 Rb8 30.Kf3 Nb6 31.Nc3 Nd7 32.Nb5 Nb6 33.Nc3 Nd7 34.Rc7 Rb3 35.Kg2 Nf6
36.h3 Rb2 37.Kf3 Rb3 38.e4 h6 39.g4 g5 40.f5 e5 41.Ke2 h5 42.gxh5 Nxh5 43.Kf3 Kg7
44.h4 gxh4 45.Kg4 Nf6+ 46.Kxh4 Rb4 47.Kg5 Rd4 48.Rc6 Rd2 49.Nb5 Nxe4+ 50.Kg4 Rf2
51.Ra6 Rf4+ 52.Kh3 Ng5+ 53.Kg2 e4 54.Rxa5 e3 55.Nc3 Ne4 56.f6+ Kh6 57.Nd5 Rf2+  0-1

[Event "ch-AUT"]
[Site "Vienna AUT"]
[Date "2010.07.25"]
[Round "2"]
[White "Freitag,Ma"]
[Black "Natter,S"]
[Result "1-0"]
[WhiteElo "2387"]
[BlackElo "2245"]

1.d4 Nf6 2.c4 e6 3.Nf3 d5 4.g3 Be7 5.Bg2 O-O 6.O-O dxc4 7.Qc2 a6 8.a4 Bd7
9.Qxc4 Bc6 10.Bf4 Bd6 11.Bg5 Nbd7 12.Nc3 Qe8 13.Bxf6 Nxf6 14.Ne5 Bxg2 15.Kxg2 c5
16.Nf3 Rc8 17.Rfd1 cxd4 18.Qxd4 Bc5 19.Qf4 b5 20.Ne5 Qe7 21.Qf3 Qc7 22.Nd3 Bd4
23.Ne4 Rfd8 24.axb5 axb5 25.Rac1 Qe7 26.e3 Nxe4 27.Rxc8 Rxc8 28.Qxe4 Bf6
29.Ra1 g6 30.Ra5 Qd7 31.b4 Bc3 32.Ne5 Qd5 33.Qxd5 exd5 34.Nd3 Rb8 35.Ra7 d4
36.e4 Rd8 37.Ra5 Rb8 38.e5 Rb6 39.Kf3 f5 40.exf6 Rxf6+ 41.Ke4 Rf5 42.g4 Rf8
43.Rxb5 Ra8 44.Rb7 Re8+ 45.Kd5 Rd8+ 46.Kc4 Rc8+ 47.Nc5 Be1 48.Kxd4 Bxf2+
49.Kd5 Rd8+ 50.Rd7 Rb8 51.Nb7 h5 52.h3 hxg4 53.hxg4 Bh4 54.b5 Rf8 55.b6 Rf4
56.Nc5 Rb4 57.b7 Rb6 58.Ne4 Rb5+ 59.Kc6 Rb1 60.g5 Rc1+ 61.Kd5  1-0

[Event "Open ch-BUL w"]
[Site "Vratsa BUL"]
[Date "2010.07.25"]
[Round "1"]
[White "Dragomirescu,An"]
[Black "Atanasova,Elitsa"]
[Result "1-0"]
[WhiteElo "2181"]
[BlackElo "1755"]

1.d4 d5 2.c4 e6 3.Nf3 Nf6 4.g3 Be7 5.Bg2 O-O 6.O-O c6 7.Qc2 Nbd7 8.Rd1 b6
9.b3 Ba6 10.Bb2 Rc8 11.Nbd2 c5 12.e4 dxe4 13.Nxe4 Nxe4 14.Qxe4 Nf6 15.Qc2 Qc7
16.d5 exd5 17.cxd5 Rfd8 18.Ne5 Bb7 19.Nc6 Bxc6 20.dxc6 Ne8 21.Qf5 Nd6 22.Qf4 Bf8
23.Rd2 Ne8 24.Qxc7 Nxc7 25.Rxd8 Rxd8 26.Be5 Bd6 27.Rd1 Be7 28.Re1 Bd6 29.Bxd6 Rxd6
30.Re7 Ne6 31.Re8+ Nf8 32.c7  1-0

[Event "YGM"]
[Site "Biel SUI"]
[Date "2010.07.26"]
[Round "7"]
[White "Caruana,F"]
[Black "Giri,A"]
[Result "1/2-1/2"]
[WhiteElo "2697"]
[BlackElo "2672"]

1.d4 Nf6 2.c4 e6 3.Nf3 d5 4.g3 Be7 5.Bg2 O-O 6.O-O dxc4 7.Qc2 a6 8.a4 Bd7
9.Qxc4 Bc6 10.Bf4 a5 11.Nc3 Na6 12.Ne5 Bxg2 13.Kxg2 Nd5 14.Rad1 Nab4 15.Bd2 Nb6
16.Qb3 h6 17.e4 Nd7 18.Nc4 Nf6 19.f3 c6 20.Bf4 Nd7 21.Rd2 Nb6 22.Ne5 Nd7
23.Nc4 Nb6 24.Be3 Nxc4 25.Qxc4 Qd7 26.f4 f5 27.exf5 Nd5 28.Nxd5 exd5 29.Qd3 Qxf5
30.Qxf5 Rxf5 31.Rd3 Bb4 32.Bd2 Bxd2  1/2-1/2

[Event "GM"]
[Site "Szombathely HUN"]
[Date "2010.07.27"]
[Round "1"]
[White "Baldauf,Marc"]
[Black "Nemeth,Mi1"]
[Result "1/2-1/2"]
[WhiteElo "2363"]
[BlackElo "2476"]

1.d4 Nf6 2.c4 e6 3.g3 d5 4.Bg2 Be7 5.Nf3 O-O 6.O-O dxc4 7.Qc2 a6 8.Qxc4 b5
9.Qc2 Bb7 10.Bd2 Be4 11.Qc1 Bb7 12.Bf4 Bd6 13.Nbd2 Nbd7 14.Qc2 Rc8 15.Nb3 Be4
16.Qd2 Qe7 17.Rac1 Rfd8 18.Rfd1 e5 19.dxe5 Nxe5 20.Nxe5 Bxe5 21.Qe3 Bxf4
22.gxf4 Rxd1+ 23.Rxd1 Re8 24.Nc5 Bxg2 25.Qxe7 Rxe7 26.Rd8+ Re8 27.Rxe8+ Nxe8
28.Kxg2 a5 29.Kf3 Kf8 30.Ke4 Nf6+ 31.Kd4 Ng4 32.h4 Nxf2 33.Kd5 a4 34.Kc6 Nd1
35.Kxb5 c6+ 36.Kxa4 Nxb2+ 37.Kb3 Nd1 38.a4 Ne3 39.a5 Nd5 40.a6 Ke7 41.a7 Nc7
42.Kc4 Na8 43.e4 Kd6 44.e5+ Kc7 45.f5 Kb6 46.Na4+ Kxa7 47.Kc5 Kb7 48.Kd6 Nc7
49.Ke7 f6 50.e6 Nd5+ 51.Kd7 g6 52.fxg6 hxg6 53.e7 f5 54.e8=Q Nf6+ 55.Ke7 Nxe8
56.Kxe8 f4 57.Kf7 f3 58.Nc5+ Kb6 59.Ne4 c5 60.Kxg6 c4 61.Kg5 Kc6 62.Kf4 c3
63.Ke3 c2 64.Kd2 Kd5 65.Ng3 Ke5 66.h5 f2 67.Kxc2 Kf4 68.Nf1 Kg5  1/2-1/2

[Event "Tch-POR 1st Div Final"]
[Site "Vila Nova de Gaia POR"]
[Date "2010.07.27"]
[Round "4.1"]
[White "Ftacnik,L"]
[Black "Cruz,Jor"]
[Result "1-0"]
[WhiteElo "2551"]
[BlackElo "2114"]

1.Nf3 d5 2.d4 Nf6 3.c4 e6 4.g3 Be7 5.Bg2 O-O 6.O-O c6 7.b3 Nbd7 8.Qc2 b6
9.Rd1 Bb7 10.Nc3 Qc8 11.Bb2 c5 12.cxd5 Nxd5 13.Nxd5 Bxd5 14.e4 Bb7 15.Rac1 Nf6
16.e5 Nd5 17.Qe2 Qd7 18.dxc5 Bxc5 19.Ng5 Be7 20.Ne4 Rfd8 21.Qg4 Rac8 22.Nc3 Bc5
23.Nxd5 Bxd5 24.Bxd5 h5 25.Qh3 exd5 26.Qxd7 Rxd7 27.b4 d4 28.bxc5 Rxc5 29.Rd3 Rxe5
30.Rxd4 Rxd4 31.Bxd4 Re2 32.a3 Ra2 33.Rc8+ Kh7 34.Rc7 Rxa3 35.Rxf7 Rd3 36.Rxg7+ Kh6
37.Be5 Rd5 38.Re7 a5 39.Bf4+  1-0

[Event "COQ Inv"]
[Site "Montreal CAN"]
[Date "2010.07.28"]
[Round "6"]
[White "Sambuev,B"]
[Black "Kovalyov,A"]
[Result "1/2-1/2"]
[WhiteElo "2478"]
[BlackElo "2599"]

1.Nf3 Nf6 2.c4 e6 3.g3 d5 4.d4 Be7 5.Bg2 c6 6.Qc2 b6 7.O-O O-O 8.Rd1 Nbd7
9.Ne5 Bb7 10.Nc3 Rc8 11.e4 dxc4 12.Nxc4 b5 13.Ne3 Qb6 14.e5 Nd5 15.Be4 f5
16.Nxf5 exf5 17.Bxf5 Nxc3 18.bxc3 Rxf5 19.Qxf5 Qd8 20.a4 b4 21.c4 Kh8 22.a5 Ba6
23.d5 Nxe5 24.d6 Bf6 25.Bb2 Nxc4 26.d7 Nxb2 27.dxc8=Q Qxc8 28.Re1 Qd8 29.Qe4 Bc4
30.Qxc6 Bf7 31.Qb7 Bg8 32.Qb5 Nc4 33.Rac1 Bc3 34.Rcd1 Nd6 35.Qc5 Bxe1 36.Rxe1 Qb8
37.Rd1 Ne4 38.Qe7 Nf6 39.Rd8 Qb5 40.Qxa7 b3 41.Qb6 Qa4 42.a6 Qa1+ 43.Kg2 b2
44.a7 b1=Q 45.Qxb1 Qxa7 46.h3 Qe7 47.Qd3 h6 48.Kh2  1/2-1/2

[Event "3rd Open"]
[Site "Paleochora GRE"]
[Date "2010.07.28"]
[Round "8"]
[White "David,Alb"]
[Black "Batsiashvili,N"]
[Result "1/2-1/2"]
[WhiteElo "2622"]
[BlackElo "2383"]

1.d4 d5 2.c4 e6 3.Nf3 Nf6 4.g3 Be7 5.Bg2 O-O 6.O-O dxc4 7.Qc2 a6 8.Qxc4 b5
9.Qc2 Bb7 10.Bd2 Be4 11.Qc1 Bb7 12.a3 Bd6 13.Rd1 Qe7 14.Bf4 Rc8 15.Nc3 c5
16.Bxd6 Qxd6 17.e4 cxd4 18.Nxd4 Qe5 19.f4 Qc5 20.e5 Bxg2 21.Kxg2 Nd5 22.Ne4 Qf8
23.Qd2 Nc6 24.Nxc6 Rxc6 25.Rac1 Rxc1 26.Rxc1 Rc8 27.Nd6 Rxc1 28.Qxc1 Qa8
29.Kf2 Qa7+ 30.Kg2 h6 31.Qc8+ Kh7 32.Qc2+ Kg8 33.Qc8+ Kh7 34.Qc2+ Kg8  1/2-1/2

[Event "Tch-POR 1st Div Final"]
[Site "Vila Nova de Gaia POR"]
[Date "2010.07.28"]
[Round "5.5"]
[White "Lovik,L"]
[Black "Gemy,J"]
[Result "1/2-1/2"]
[WhiteElo "2323"]
[BlackElo "2300"]

1.d4 Nf6 2.c4 e6 3.g3 Be7 4.Bg2 d5 5.Nf3 O-O 6.O-O b6 7.cxd5 exd5 8.Nc3 Bb7
9.Bf4 Na6 10.Rc1 c5 11.Qc2 Bd6 12.Rfd1 Bxf4 13.gxf4 Qe7 14.Ne5 Rfd8 15.e3 Rac8
16.Qa4 Ne4 17.Bf1 Nxc3 18.Rxc3 c4 19.a3 f6 20.Nf3 Nc7 21.Rcc1 a6 22.Nh4 g6
23.Bh3 Rb8 24.Bg2 Ne8 25.Kh1 Nd6 26.Rg1 Kf7 27.Qc2 b5 28.Rce1 Rg8 29.Nf3 Ne4
30.Re2 Bc8  1/2-1/2

[Event "97th ch-GBR"]
[Site "Canterbury ENG"]
[Date "2010.07.29"]
[Round "4"]
[White "Griffiths,R"]
[Black "Slavin,A"]
[Result "0-1"]
[WhiteElo "2249"]
[BlackElo "2417"]

1.c4 e6 2.g3 d5 3.Nf3 Nf6 4.d4 Be7 5.Bg2 O-O 6.O-O b6 7.Qc2 Bb7 8.cxd5 exd5
9.Nc3 Na6 10.Rd1 Qc8 11.Bf4 h6 12.Rac1 Qe6 13.Qd2 c5 14.Qe1 Rfd8 15.Qf1 Ne4
16.h4 Bf6 17.a3 Qe7 18.h5 Nc7 19.e3 Ne6 20.Ne2 Nxf4 21.gxf4 Ba6 22.Bh3 Bh4
23.Nxh4 Qxh4 24.Bg2 Qxh5 25.Rc2 cxd4 26.Rxd4 Rac8 27.Bxe4 Rxc2 28.Bxc2 Bxe2
29.Qg2 Bf3 30.Qh2 Qg4+ 31.Kf1 Rc8 32.Rd2 Be4 33.Bd1 Rc1  0-1

[Event "COQ Inv"]
[Site "Montreal CAN"]
[Date "2010.07.29"]
[Round "7"]
[White "Kovalyov,A"]
[Black "Gerzhoy,L"]
[Result "1/2-1/2"]
[WhiteElo "2599"]
[BlackElo "2471"]

1.c4 e6 2.Nf3 d5 3.d4 Nf6 4.g3 Be7 5.Bg2 O-O 6.O-O dxc4 7.Qc2 a6 8.Qxc4 b5
9.Qc2 Bb7 10.Bd2 Be4 11.Qc1 b4 12.Bg5 Nbd7 13.Nbd2 Bd5 14.Nb3 c5 15.dxc5 Rc8
16.Qe3 h6 17.Bxf6 Bxf6 18.Qd2  1/2-1/2

[Event "21st Czech GM Open"]
[Site "Pardubice CZE"]
[Date "2010.07.29"]
[Round "7"]
[White "Iskusnyh,S"]
[Black "Denisov,I"]
[Result "1-0"]
[WhiteElo "2480"]
[BlackElo "2275"]

1.d4 Nf6 2.c4 e6 3.g3 d5 4.Nf3 Be7 5.Bg2 O-O 6.O-O dxc4 7.Qc2 a6 8.a4 Bd7
9.Rd1 Bc6 10.Nc3 Nbd7 11.e4 b5 12.d5 exd5 13.e5 Ne4 14.Nxd5 Bxd5 15.Rxd5 c6
16.Rxd7 Qxd7 17.Qxe4 Qd1+ 18.Qe1 Qd3 19.Bg5 Bc5 20.Qd1 Qxd1+ 21.Rxd1 h6 22.Bd2 Rad8
23.Rc1 Rd3 24.Ba5 Re8 25.Kf1 Re7 26.Bc3 Rc7 27.Ne1 Rdd7 28.Ba5 Bd4 29.Bxc7 Rxc7
30.Rc2 Bxe5 31.Nf3 Bf6 32.Nd2 c5 33.Ne4 Be5 34.Nc3 b4 35.Nd5 Bxb2 36.Nxc7 c3
37.Bd5  1-0

[Event "ch-AUT"]
[Site "Vienna AUT"]
[Date "2010.07.29"]
[Round "6"]
[White "Neubauer,M"]
[Black "Steiner,B"]
[Result "1-0"]
[WhiteElo "2433"]
[BlackElo "2233"]

1.d4 d5 2.c4 e6 3.Nf3 Nf6 4.g3 Be7 5.Bg2 O-O 6.O-O dxc4 7.Qc2 a6 8.a4 b6
9.Ne5 Ra7 10.Qxc4 Bb7 11.Bxb7 Rxb7 12.Nc3 c5 13.Rd1 cxd4 14.Rxd4 Qc8 15.Qd3 Nbd7
16.Nxd7 Rxd7 17.Rxd7 Nxd7 18.Bf4 Rd8 19.Rc1 Qb7 20.Qe4 Qxe4 21.Nxe4 f5 22.Ng5 Nc5
23.b4 h6 24.bxc5 hxg5 25.Bc7 Rc8 26.cxb6 Bd8 27.Kg2 Bxc7 28.Rxc7 Rb8 29.a5  1-0

[Event "Tch-POR 1st Div Final"]
[Site "Vila Nova de Gaia POR"]
[Date "2010.07.29"]
[Round "6.6"]
[White "Silva,Fe1"]
[Black "Johannessen,LE"]
[Result "0-1"]
[WhiteElo "2367"]
[BlackElo "2522"]

1.d4 Nf6 2.Nf3 e6 3.g3 d5 4.Bg2 Be7 5.c4 O-O 6.O-O dxc4 7.Qa4 a6 8.Qxc4 b5
9.Qc2 Bb7 10.Nc3 Nbd7 11.a3 c5 12.dxc5 Bxc5 13.Bf4 Rc8 14.Rac1 Qb6 15.Qb1 Ng4
16.e3 e5 17.Bg5 h6 18.b4 Bxe3 19.Bxe3 Nxe3 20.fxe3 Qxe3+ 21.Rf2 Bxf3 22.Bxf3 Rxc3
23.Rxc3 Qxc3 24.Bd5 Nf6 25.Ba2 Qe3 26.Kg2 Ne4  0-1

[Event "TCh-MNE Premier League"]
[Site "Cetinje MNE"]
[Date "2010.07.31"]
[Round "8"]
[White "Blagojevic,Dr"]
[Black "Geler,A"]
[Result "1-0"]
[WhiteElo "2499"]
[BlackElo "2325"]

1.d4 d5 2.c4 e6 3.Nf3 Nf6 4.g3 Be7 5.Bg2 O-O 6.O-O dxc4 7.Ne5 Nc6 8.Nxc6 bxc6
9.e3 Rb8 10.Qa4 c5 11.dxc5 Bxc5 12.Rd1 Rb4 13.Qc2 Bd7 14.Nd2 Bb5 15.b3 Bd6
16.Nxc4 Bxc4 17.bxc4 Qe8 18.Bd2 Qa4 19.Rac1 Qxc2 20.Rxc2 Rbb8 21.Ba5 Rfd8
22.c5 Be7 23.Rdc1 Rdc8 24.Bc6 Nd5 25.Rc4 Rb2 26.R4c2 Rbb8 27.Rc4 Rb2 28.Ra4 h6
29.e4 Nf6 30.Bc3 Rbb8 31.Be1 Ng4 32.Rxa7 Ne5 33.Bb7 Rd8 34.Ba6 Bxc5 35.Rxc5 Nf3+
36.Kf1 Rb1 37.Rcxc7 g5 38.Rxf7 g4 39.Rg7+ Kh8 40.Rh7+ Kg8 41.Rhg7+ Kh8 42.Rxg4 Nxh2+
43.Kg2 Nxg4 44.Bc3+ e5 45.Be2 Rc8 46.Ra3 Rc1 47.Bb2  1-0

[Event "GM"]
[Site "Szombathely HUN"]
[Date "2010.07.31"]
[Round "5"]
[White "Pap,G"]
[Black "Nemeth,Mi1"]
[Result "1/2-1/2"]
[WhiteElo "2508"]
[BlackElo "2476"]

1.d4 Nf6 2.c4 e6 3.g3 d5 4.Nf3 Be7 5.Bg2 O-O 6.O-O dxc4 7.Qc2 a6 8.a4 Bd7
9.Qxc4 Bc6 10.Bg5 h6 11.Bxf6 Bxf6 12.Nc3 Bxf3 13.Bxf3 c6 14.Rad1 a5 15.e4 Qb6
16.e5 Be7 17.Be4 Rd8 18.Ne2 Nd7 19.f4 Qb4 20.Qc2 Nf8 21.f5 exf5 22.Bxf5 f6
23.Bd3 Rd7 24.Bc4+ Kh8 25.Rf3 Qb6 26.Ba2 Rad8 27.Kh1 c5 28.Qc4 Nh7 29.Nf4 fxe5
30.Rb3 Qd6 31.Ne6 Re8 32.d5 Bf6 33.Rbd3 Ng5 34.h4 Nxe6 35.dxe6 Qc6+ 36.Kh2 Rxd3
37.Rxd3 e4 38.Rd1 Bd4 39.Rf1 Bf6  1/2-1/2

[Event "GM"]
[Site "Szombathely HUN"]
[Date "2010.07.31"]
[Round "5"]
[White "Szabo,G ROM"]
[Black "Kovacs,Ga2"]
[Result "1/2-1/2"]
[WhiteElo "2568"]
[BlackElo "2500"]

1.d4 Nf6 2.Nf3 e6 3.c4 d5 4.g3 Be7 5.Bg2 O-O 6.O-O dxc4 7.Qc2 a6 8.Qxc4 b5
9.Qc2 Bb7 10.Bd2 Be4 11.Qc1 Nbd7 12.Ba5 Rc8 13.Nbd2 Ba8 14.a3 Qe8 15.b4 Bd6
16.Ra2 Ne4 17.Rc2 Nb6 18.Qb1 f5 19.Rfc1 Rd8 20.e3  1/2-1/2

[Event "ch-AUT"]
[Site "Vienna AUT"]
[Date "2010.07.31"]
[Round "8"]
[White "Hoelzl,F"]
[Black "Schroll,G"]
[Result "0-1"]
[WhiteElo "2325"]
[BlackElo "2441"]

1.d4 d5 2.c4 e6 3.Nf3 Nf6 4.g3 Be7 5.Bg2 O-O 6.O-O dxc4 7.Qc2 a6 8.a4 Bd7
9.Qxc4 Bc6 10.Nc3 b5 11.Qb3 b4 12.Nb1 Bd5 13.Qc2 Nbd7 14.Nbd2 c5 15.e4 Bb7
16.e5 Nd5 17.dxc5 Rc8 18.Nb3 Nxc5 19.Nxc5 Rxc5 20.Qe4 Qc7 21.Qg4 Rc4 22.Qh3 Nb6
23.Re1 Rc8 24.Nd2 Bxg2 25.Qxg2 Rc2 26.Qf1 Qa7 27.b3 Bc5 28.Ne4 Bd4 29.Be3 Bxa1
30.Rxa1 Qc7 31.Nd6 Nd5 32.Nxc8 Nxe3 33.fxe3 Qxc8 34.Qf4 Rc1+ 35.Rxc1 Qxc1+
36.Qf1 Qxe3+ 37.Kg2 Qe4+ 38.Kg1 Qd4+ 39.Kg2 Qd5+ 40.Kh3 a5 41.Qb5 g5 42.Kg4 h6
43.Kh5 Kg7 44.Qe2 Qxb3 45.Qf1 Qc2  0-1